| 000 | 01345nam a2200301 a 4500 | ||
|---|---|---|---|
| 001 | BRL_1940 | ||
| 005 | 20190320211438.0 | ||
| 008 | 190815s1980----mx-h######---#000-0#spa-# | ||
| 020 | _a9682305691 | ||
| 041 | _aspa | ||
| 044 | _amx | ||
| 050 | 4 |
_aF1219.56 _b.C63 1980 |
|
| 130 | 0 |
_aCódice borbónico _928278 |
|
| 245 | 1 | 0 |
_aCódice borbónico _bmanuscrito mexicano de la Biblioteca del palais bourbon : libro adivinatorio y ritual ilustrado publicado en facsimil |
| 260 |
_a[México _bSiglo Veintiuno XXI _c1980] |
||
| 300 |
_a1 portafoloio _bil., 36 láminas a color _c40 cm. _e+ 1 libro |
||
| 440 | 0 |
_aAmérica nuestra. América antigua _v21a-21b _928279 |
|
| 500 | _aAu671 | ||
| 500 | _aSuplemento: ´Descripción, historia y exposición del Códice Borbónico (edición facsimilar) / por Francisco del Paso y Troncoso, con un comentario explicativo por E.-T. Hamy. xlviii, 429 p. ; 22 cm. | ||
| 630 | 0 | 4 |
_aCódice borbónico _928278 |
| 650 | 1 | 4 |
_aManuscritos mexicanos _vFacsímiles _923649 |
| 650 | 1 | 4 |
_aIndígenas de México _xLenguas - Escritura _928280 |
| 650 | 1 | 4 |
_aAztecas _xRitos y ceremonias _928281 |
| 700 | 1 |
_aPaso y Troncoso, Francisco del _d1842-1916 _tDescripción, historia y exposición del Códice Borbónico _928282 |
|
| 700 | 1 |
_aHamy, E. T. _d1842-1908 _q(Ernest Theìodore) _928283 |
|
| 902 | _aGRL | ||
| 942 |
_2lcc _cB |
||
| 999 |
_c10748 _d10748 |
||